| 000 | 00709nam a2200253Ia 4500 | ||
|---|---|---|---|
| 008 | 171025s9999 xx 000 0 und d | ||
| 020 | _a9789712720086 | ||
| 050 | _a700 | ||
| 050 | _bC355 2008 | ||
| 100 | _aCasul, Melanie | ||
| 245 | 4 | _aThe media kit : | |
| 245 | _ba frame-by-frame guide to visual production / | ||
| 245 | _cMelanie Casul, Jag Garcia and Michael Kho Lim. | ||
| 260 | _aPhilippines : | ||
| 260 | _bAnvil Publishing, | ||
| 260 | _c2008 | ||
| 300 | _a270 pages : | ||
| 300 | _billustrations ; | ||
| 300 | _c22cm. | ||
| 500 | _aIncludes appendix and bibliographic reference. | ||
| 650 | _aFine and decorative arts. | ||
| 700 | _aGarcia, Jag. | ||
| 700 | _aLim, Michael Kho. | ||
| 999 |
_c344884 _d344884 |
||